000 00955aaa a2200217 a 4500
001 78762
003 BD-RjUL
005 20211209083153.0
008 211019s19561376ir ||||| |||| 00| 0 per d
035 _a(BD-RjUL)78989
040 _aBD-RjUL
_beng
_cBD-RjUL
041 _aper
082 _223
_a491.5582421
_bSAF 1956
110 _aSāzmān-i Pizhūhish va Barnāmahʹrīzī-i Āmūzishī (Iran)
_96254
245 _aفارسی دوم دبستان.;; Fārsī dom dabistān
_cSāzmān-i Pizhūhish va Barnāmahʹrīzī-i Āmūzishī (Iran)
260 _a[Tehran] :
_bVizārat-i Āmūzish va Parvarish, Sāzmān-i Pizhūhish va Barnāmahʹrīzī-i Āmūzishī
_c1956[1376]
260 _a[Tehran] :
_bوزارت آموزش و پرورش، سازمان پژوهش و برنامه‌ريزى آموزشى،
_c1956
300 _a129 p :
_bPhoto ; plate; ill. ;
_c22 cm
650 _aPersian language
_vStudy and teaching (Elementary)
_9249175
942 _2ddc
_cBK
999 _c78762
_d78762